| 000 | 00598nam a2200205 a 4500 | ||
|---|---|---|---|
| 005 | 20240501063702.0 | ||
| 008 | 991125 2002 000 0 eng u | ||
| 020 | _a9707100095 | ||
| 035 | _aUPN01000053145 | ||
| 049 | _aCG | ||
| 050 | 4 |
_aPQ2649 O8 _bO6.8 |
|
| 100 | 1 |
_aYourcenar, Marguerite, _d1903-1987 _98418 |
|
| 245 | 1 | 0 |
_aOpus nigrum / _cMarguerite Yourcenar ; tr. Emma Calatayud. |
| 260 |
_aMéxico : _bSuma de Letras, _c2002. |
||
| 300 | _a380 p. | ||
| 440 | 0 |
_aPunto de lectura ; _v51.4 |
|
| 534 |
_pTraducción de: _tLawyre an noir |
||
| 650 | 4 |
_aNovela francesa _98238 |
|
| 905 | _aLibro | ||
| 999 |
_c53145 _d53145 |
||